|
|
|
|
| LEADER |
00000nam a22000007a 4500 |
| 005 |
20130125094851.0 |
| 007 |
cr|||| |||| |
| 008 |
130125e2011 bl |||||s|||| 00||0 por d |
| 020 |
|
|
|a 8580201624
|
| 035 |
|
|
|a 6756
|
| 040 |
|
|
|a vLex
|
| 090 |
|
|
|c 3596
|d 3596
|
| 100 |
1 |
0 |
|a Blasi, Renato Rubens
|
| 245 |
1 |
0 |
|a Processo do Trabalho Simplificado
|h [Recurso electrn̤ico]
|
| 256 |
|
|
|a Servicio en ln̕ea
|
| 260 |
|
|
|a Sô Paulo :
|b Editora NELPA,
|c 2011
|
| 300 |
|
|
|a 1 Recurso electrn̤ico
|
| 650 |
0 |
4 |
|a Derecho laboral
|z Brasil
|
| 740 |
|
|
|a vLex Libros (Servicios en ln̕ea)
|
| 856 |
|
|
|a Acceso restringido
|u http://www.vlex.com/source/6756
|
| 942 |
|
|
|c BOOK
|
| 999 |
|
0 |
|a Labor laws and legislation
|